Datum a čas kvízu
20
Celkem bodů
Celkový počet nahraných bodů na tomto kvízu bez doplňovacích otázek.
6.
Pořadí na kvízu
Konečné umístění týmu na tomto kvízu.
Zaznamenané odpovědi
| # | Otázka | Odpověď | Body | Výsledky |
|---|---|---|---|---|
| 1. | Nové českobudějovické letiště... | Egypt - Taba | 0.5 | |
| 2. | V okolí londýnské stanice metr... | Burberry | 0 | |
| 3. | Českých sci-fi filmů nebývá ka... | Bod obnovy | 0 | |
| 4. | V pondělí byla slavnostně zahá... | v Brně | 1 | |
| 5. | Který český prvoligový fotbalo... | Viktoria Plzeň | 1 | |
| 6. | O jednom z šílenců na trůně ří... | Caligula | 0 | |
| 7. | Salvador Dalí coby extravagant... | o mravenečníka | 0 | |
| 8. | Dokážete přiřadit následující... | 1C 2D 3B 4A | 0 | |
| 9. | Jak se jmenuje kočka na obrázk... | Micka | 1 | |
| 10. | Sedmý prezident Spojených stát... | A | 1 |